| 000 | 00509nam a2200169Ia 4500 | ||
|---|---|---|---|
| 003 | IN-BaIIA | ||
| 008 | 211028s9999 xx 000 0 eng d | ||
| 020 | _a0-7923-3374-8 | ||
| 040 | _cIIA Library | ||
| 080 |
_a52(082.1) _bASS-199 |
||
| 100 |
_aTandberg-Hanssen, E _919577 |
||
| 245 | 4 |
_athe nature of solar prominences _cHanssen, E Tandberg |
|
| 260 |
_aDordrecht _bKluwer Academic _c1995 |
||
| 300 | _axv, 308p. | ||
| 650 |
_aSolar prominences _93374 |
||
| 942 | _cBK | ||
| 999 |
_c11380 _d11380 |
||